| 000 | 00000nam##2200000za#4500 |
| 001 | 9.603531 |
| 003 | CaOODSP |
| 005 | 20210624211124 |
| 007 | cr ||||||||||| |
| 008 | 150406|1994||||xxc|||||o f|0| 0 fre|d |
| 040 | |aCaOODSP|bfre |
| 043 | |an-cn--- |
| 086 | 1 |aSC94-58/1994F-PDF |
| 110 | 1 |aCanada.|bCentre canadien de gestion. |
| 245 | 13|aLa négociation : |h[ressource électronique]|bredéfinir le succès / |c[par] Joseph Stanford. |
| 260 | |aOttawa - Ontario : |bCentre canadien de gestion |cJuin 1994. |
| 300 | |a51p.|bréférences |
| 490 | 1 |aLes pratiques de gestion|vN° 6 |
| 500 | |aSommaire: Introduction.--Analyser les négociations.--Mise en pratique des principes: une étude de cas.--Le rôle de négociateur du gestionnaire de la fonction publique.--Une analyse avantages-coûts.--Conclusions. Le n° de catalogue (SC94-58/1994) et l'ISBN (0-662-61164-0) de l'édition imprimée bilingue ont été incorrectement copiés dans l'édition électronique. |
| 504 | |aBibliographie. |
| 590 | |a12-16-Supp|b2012-04-17 |
| 691 | 07|aFonction publique|2gcpds |
| 691 | 07|aGestion|2gcpds |
| 720 | 1 |aStanford, Joseph |
| 775 | 08|tNegotiation : |w(CaOODSP)9.573351 |
| 830 | #0|aLes pratiques de gestion ;|vN° 6|w(CaOODSP)9.503178 |
| 856 | 40|ahttp://publications.gc.ca|qPDF|s3.01 Mo|uhttps://publications.gc.ca/collections/Collection/SC94-58-1994F.pdf|yN° 6 |